Belo from newspapers to new media /
Guardat en:
| Autor principal: | |
|---|---|
| Autor corporatiu: | |
| Format: | Electrònic eBook |
| Idioma: | anglès |
| Publicat: |
Austin :
University of Texas Press,
2008.
|
| Edició: | 1st ed. |
| Matèries: | |
| Accés en línia: | An electronic book accessible through the World Wide Web; click to view |
| Etiquetes: |
Sense etiquetes, Sigues el primer a etiquetar aquest registre!
|
MARC
| LEADER | 00000nam a2200000 a 4500 | ||
|---|---|---|---|
| 001 | 0000106492 | ||
| 005 | 20171002055550.0 | ||
| 006 | m u | ||
| 007 | cr cn||||||||| | ||
| 008 | 080213s2008 txua sb s001 0ceng | ||
| 010 | |z 2008005504 | ||
| 020 | |z 9780292718456 (cloth : alk. paper) | ||
| 020 | |z 0292718454 (cloth : alk. paper) | ||
| 020 | |z 9780292718463 (pbk. : alk. paper) | ||
| 020 | |z 0292718462 (pbk. : alk. paper) | ||
| 035 | |a (CaPaEBR)ebr10273653 | ||
| 035 | |a (OCoLC)311054185 | ||
| 040 | |a CaPaEBR |c CaPaEBR | ||
| 043 | |a n-us--- | ||
| 050 | 1 | 4 | |a P92.U5 |b S37 2008eb |
| 082 | 0 | 4 | |a 338.7/61302230973 |2 22 |
| 100 | 1 | |a Segura, Judith Garrett, |d 1944- | |
| 245 | 1 | 0 | |a Belo |h [electronic resource] : |b from newspapers to new media / |c Judith Garrett Segura. |
| 250 | |a 1st ed. | ||
| 260 | |a Austin : |b University of Texas Press, |c 2008. | ||
| 300 | |a x, 316 p. : |b ill. | ||
| 504 | |a Includes bibliographical references (p. [296]-306) and index. | ||
| 505 | 0 | |a Leaders of legend: A.H. Belo & G.B. Dealey -- The children confront the legacy (1912-1945) -- The grandsons return from war (1946-1955) -- The dark days of Dallas (1956-1964) -- A new era Dawns (1965-1972) -- Enter the fourth generation (1973-1976) -- Competitive gains and rapid change (1977-1981) -- The modern Belo emerges (1982-1986) -- The world takes note (1987-2000) -- New century, new media. | |
| 533 | |a Electronic reproduction. |b Palo Alto, Calif. : |c ebrary, |d 2013. |n Available via World Wide Web. |n Access may be limited to ebrary affiliated libraries. | ||
| 610 | 2 | 0 | |a Belo (Firm) |x History. |
| 650 | 0 | |a Mass media |z United States |x History. | |
| 650 | 0 | |a Mass media |z United States |v Biography. | |
| 655 | 7 | |a Electronic books. |2 local | |
| 710 | 2 | |a ebrary, Inc. | |
| 856 | 4 | 0 | |u http://site.ebrary.com/lib/daystar/Doc?id=10273653 |z An electronic book accessible through the World Wide Web; click to view |
| 908 | |a 170314 | ||
| 942 | 0 | 0 | |c EB |
| 999 | |c 95643 |d 95643 | ||